000 01106cam a22002533a 4500
001 13799
003 PGUSA
005 20140828083309.0
008 041019s2004||||xxu|||||s|||||000 1 eng d
040 _aPGUSA
_beng
042 _adc
050 4 _aPR
100 1 _aQuiller-Couch, Arthur,
_d1863-1944
245 1 0 _aOld Fires and Profitable Ghosts :
_bA Book of Stories
_h[electronic resource] /
_cArthur Quiller-Couch
260 _bProject Gutenberg,
_c2004
505 0 _aOceanus -- The seventh man -- The room of mirrors -- A pair of hands -- The lady of the ship -- Frozen Margit -- The singular adventure of a small free-trader -- The mystery of Joseph Laquedem -- Prisoners of war -- A town's memory -- The lady of the red admirals -- The penance of John Emmet -- Elisha -- "Once aboard the lugger" -- Which?
506 _aPublic domain in the USA.
516 _aElectronic text
653 _aGreat Britain -- Social life and customs -- 19th century -- Fiction
653 _aShort stories
830 0 _aProject Gutenberg
_v13799
856 4 0 _uhttp://www.gutenberg.org/ebooks/13799
942 _cEB
999 _c243054
_d243054